000
00314nam a2200157Ia 4500
100
_a
Jangam/U.B.
490
_v
2
942
_c
BK
654
_a
mathematics I
245
_a
Applied Mathematics-I
260
_b
Nandu Pub
_a
Pune
_c
1998
082
_a
519
_b
JAN
300
_a
260
546
_a
ENGLISH
999
_c
21700
_d
21700